Republic of Latvia : Stand-By Arrangement; Interim Review Under the Emergency Financing Mechanism.

This paper discusses key findings of the Stand-By Arrangement-Interim Review under the Emergency Financing Mechanism for the Republic of Latvia. Financial market pressures in Latvia have eased somewhat since program approval: deposit outflows have slowed and the exchange rate has moved off the weake...

Volledige beschrijving

Bibliografische gegevens
Coauteur: International Monetary Fund
Formaat: Tijdschrift
Taal:English
Gepubliceerd in: Washington, D.C. : International Monetary Fund, 2009.
Reeks:IMF Staff Country Reports; Country Report ; No. 2009/125
Onderwerpen:
Online toegang:Full text available on IMF
LEADER 01853cas a2200301 a 4500
001 AALejournalIMF005755
008 230101c9999 xx r poo 0 0eng d
020 |c 5.00 USD 
020 |z 9781451824612 
022 |a 1934-7685 
040 |a BD-DhAAL  |c BD-DhAAL 
110 2 |a International Monetary Fund. 
245 1 0 |a Republic of Latvia :   |b Stand-By Arrangement; Interim Review Under the Emergency Financing Mechanism. 
264 1 |a Washington, D.C. :  |b International Monetary Fund,  |c 2009. 
300 |a 1 online resource (12 pages) 
490 1 |a IMF Staff Country Reports 
500 |a <strong>Off-Campus Access:</strong> No User ID or Password Required 
500 |a <strong>On-Campus Access:</strong> No User ID or Password Required 
506 |a Electronic access restricted to authorized BRAC University faculty, staff and students 
520 3 |a This paper discusses key findings of the Stand-By Arrangement-Interim Review under the Emergency Financing Mechanism for the Republic of Latvia. Financial market pressures in Latvia have eased somewhat since program approval: deposit outflows have slowed and the exchange rate has moved off the weaker end of its band. However, new risks are emerging. The recession has intensified, facilitating external adjustment but lowering tax revenues. Though sizable, fiscal policy adjustment has fallen short of commitments in the program, owing to weaknesses in implementation and difficulties in reducing local government expenditure. 
538 |a Mode of access: Internet 
650 7 |a CR  |2 imf 
650 7 |a GDP  |2 imf 
650 7 |a Government  |2 imf 
650 7 |a ISCR  |2 imf 
650 7 |a Wage Bill  |2 imf 
830 0 |a IMF Staff Country Reports; Country Report ;  |v No. 2009/125 
856 4 0 |z Full text available on IMF  |u http://elibrary.imf.org/view/journals/002/2009/125/002.2009.issue-125-en.xml  |z IMF e-Library